000 00995nam a2200433Ia 4500
001 9728
003 19542
005 20240715093732.0
008 ||||||n9999 ||| || ||
082 _221
_a658
100 _aLe Breton, Preston P
_916548
245 0 _aTeoria del planeamiento
_bConsejo practico para el planeamiento de negocios
260 _aMéxico :
_bHerrero Hermanos,
300 _a404p
562 _e1
650 _aINDUSTRIA--CALDAS (COLOMBIA)--PUBLICACIONES SERIADAS
_93051
650 _aPLANEACION DE DECISIONES
_915996
942 _cBKM
999 _c9728
_d9728
526 _a102617
526 _a102618
526 _a15794
526 _a102619
526 _a102620
526 _a10406
526 _a105630
526 _a1698
526 _a116204
526 _a4969
526 _a19790
526 _a104436
526 _a5144
526 _a51868
526 _a3899
526 _a9683
526 _a
526 _a1703
526 _a1697
526 _a17598